| 000 | 01114cam a2200301 i 4500 | ||
|---|---|---|---|
| 001 | bg | ||
| 003 | KOSZ 005 | ||
| 005 | 20200317104350.0 | ||
| 008 | 050404s2005 pl g d |000 0 pol d | ||
| 020 | _a8360004005 | ||
| 020 | _a8360004013 | ||
| 040 | _cBPK | ||
| 041 | 0 |
_apol _aeng |
|
| 080 | _a811.111'374 | ||
| 080 | _a811.162.1'374 | ||
| 245 | 0 | 0 |
_aSłownik polsko-angielski angielsko-polski z gramatyką / _c[oprac. przez Tadeusza Piotrowskiego we współpr. z Adamem Sumerą ; gramatyka oprac. przez S. Brough et al.]. |
| 260 |
_aWarszawa : _bLangenscheidt Polska, _c2005. |
||
| 300 |
_a656 s. ; _c23 cm. |
||
| 490 | 1 |
_aBiblioteka Gazety Wyborczej ; _vt. 1 |
|
| 500 | _aTyt. okł. i grzbiet.: Słownik.T. 1,polsko-angielski angielsko-polski. | ||
| 655 | 4 | _aSłownik polsko-angielski | |
| 655 | 4 | _aSłownik angielsko-polski | |
| 700 | 1 |
_aPiotrowski, Tadeusz _c(filologia angielska). _eOprac. |
|
| 700 | 1 |
_aSumera, Adam _d(1955- ). _eOprac. |
|
| 700 | 1 |
_aBrough, Sonia _d(1953- ). _eOprac. |
|
| 830 |
_aBiblioteka Gazety Wyborczej ; _vt. 1 |
||
| 942 |
_cKS _2UKD |
||
| 999 |
_c46587 _d46587 |
||